[Event "Oz.com qualifier blitz"]
[Site "Internet ICC"]
[Date "2000.03.05"]
[Round "1"]
[White "Olsson,L"]
[Black "Toth,Ch"]
[Result "1/2-1/2"]
[WhiteElo "2105"]
[BlackElo "2355"]

1.d4 Nf6 2.c4 g6 3.Nc3 Bg7 4.e4 d6 5.Nf3 O-O 6.Be2 e5 7.O-O exd4 8.Nxd4 Re8
9.f3 Nc6 10.Be3 Nh5 11.Qd2 f5 12.Rad1 f4 13.Bf2 Be5 14.c5 Nxd4 15.Bxd4 Be6
16.cxd6 cxd6 17.Bb5 Rf8 18.Nd5 Kh8 19.Bc4 Rc8 20.Bb3 Bxd5 21.Bxd5 b6 22.Rc1 Qf6
23.Bxe5 Qxe5 24.Rfd1 Nf6 25.Bb3 Rc5 26.Rxc5 dxc5 27.Qd6 Qxd6 28.Rxd6  1/2-1/2

[Event "Oz.com qualifier blitz"]
[Site "Internet ICC"]
[Date "2000.03.05"]
[Round "2"]
[White "Volkov,S"]
[Black "Flores,Di"]
[Result "0-1"]
[WhiteElo "2582"]
[BlackElo "2373"]

1.d4 Nf6 2.c4 g6 3.Nc3 Bg7 4.e4 d6 5.Be2 O-O 6.Nf3 e5 7.Be3 exd4 8.Nxd4 Re8
9.f3 c6 10.Bf2 d5 11.exd5 cxd5 12.O-O Nc6 13.c5 Nh5 14.Bb5 Bd7 15.Bxc6 bxc6
16.Qd2 Qc7 17.g3 Be5 18.Rad1 Ng7 19.b4 h5 20.b5 cxb5 21.Ndxb5 Qa5 22.a4 Bxb5
23.Nxb5 Qxa4 24.Nd6 Bxd6 25.cxd6 Nf5 26.Qxd5 Rad8 27.Bc5 Re6 28.d7 h4 29.g4 Ne7
30.Qb7 h3 31.Rd2 Nc6 32.Rfd1 Qc4 33.Bf2 Ne5 34.Kh1 Rc6 35.Bh4 Nxf3 36.Bxd8 Nxd2
37.Kg1 Qd4+  0-1

[Event "Oz.com qualifier blitz"]
[Site "Internet ICC"]
[Date "2000.03.05"]
[Round "3"]
[White "Demir,G"]
[Black "Arizmendi Martinez,J"]
[Result "1-0"]
[WhiteElo "2247"]
[BlackElo "2445"]

1.d4 Nf6 2.c4 g6 3.Nc3 Bg7 4.e4 d6 5.Nf3 O-O 6.Be2 Na6 7.O-O e5 8.Re1 c6
9.Rb1 Bg4 10.d5 Nc5 11.Bg5 a5 12.Nd2 Bd7 13.a3 h6 14.Be3 cxd5 15.cxd5 b6
16.b4 axb4 17.axb4 Na4 18.Qb3 Nxc3 19.Qxc3 Qb8 20.b5 Rc8 21.Qb3 Be8 22.Rec1 Rxc1+
23.Rxc1 Nd7 24.Nc4 Nc5 25.Bxc5 bxc5 26.Rb1 Bf6 27.g3 Bd8 28.b6 Ra4 29.Qc3 Bd7
30.Kg2 Bc8 31.Bd1 Ra8 32.Qb3 Bb7 33.Bg4 Kf8 34.Bd7 Ra6 35.Bc6 Ke7 36.Qb5 Qa8
37.Bxb7 Qxb7 38.Qc6 Qb8 39.h3 f5 40.exf5 gxf5 41.Qb5 Qb7 42.Qc6 Qb8 43.g4 fxg4
44.hxg4 Kf6 45.Qd7 Bxb6 46.Rb3 e4 47.Nxd6 Qf8 48.Qe6+ Kg7 49.Nf5+ Kh8 50.Rh3  1-0

[Event "Oz.com qualifier blitz"]
[Site "Internet ICC"]
[Date "2000.03.05"]
[Round "3"]
[White "Sorkin,I"]
[Black "Golod,V"]
[Result "0-1"]
[WhiteElo "2339"]
[BlackElo "2566"]

1.d4 Nf6 2.c4 g6 3.Nc3 Bg7 4.e4 d6 5.Nf3 O-O 6.Be2 e5 7.O-O Na6 8.Qc2 Nb4
9.Qd1 Na6 10.Qc2 Nb4 11.Qd1 Nc6 12.d5 Ne7 13.Nd2 Nd7 14.b4 a5 15.Ba3 axb4
16.Bxb4 f5 17.a4 Bh6 18.Qc2 Kh8 19.Nb3 Nf6 20.Bd3 fxe4 21.Nxe4 Nxe4 22.Bxe4 Bf5
23.c5 Nxd5 24.Ba3 Rxa4 25.Bxf5 Rxf5 26.cxd6 cxd6 27.Nc5 Rxa3 28.Rxa3 dxc5
29.Rd1 e4 30.Qxe4 Qe7 31.Qxe7 Nxe7 32.Rd7 Bf8 33.Rxb7 Nc6 34.Ra8 Kg8 35.Rc8 Nd4
36.g3 Rf7 37.Rbb8 Kg7 38.Kg2 g5 39.h3 h6 40.Rb6 Nc2 41.Rcc6 Ne1+ 42.Kf1 Nd3
43.Ke2 Ne5 44.Rxh6 c4 45.f4 gxf4 46.gxf4 Rxf4 47.Ke3 Rf1 48.Ke4 Re1+ 49.Kd5 c3
50.Rhe6 c2 51.Rb7+ Kg8 52.Rc7 Nd3 53.Rg6+ Kh8 54.Rf6 Bg7 55.Rc8+ Kh7 56.Rfc6 Nb4+  0-1

[Event "Oz.com qualifier blitz"]
[Site "Internet ICC"]
[Date "2000.03.05"]
[Round "3"]
[White "Altounian,L"]
[Black "Sabas,J"]
[Result "1-0"]
[WhiteElo "2438"]
[BlackElo "2260"]

1.Nf3 Nf6 2.c4 g6 3.Nc3 Bg7 4.e4 d6 5.d4 O-O 6.Be2 e5 7.O-O Na6 8.Be3 Ng4
9.Bg5 f6 10.Bd2 Qe8 11.dxe5 Nxe5 12.Nxe5 fxe5 13.Be3 Be6 14.a3 Qf7 15.b3 b6
16.Qc2 Nb8 17.f4 exf4 18.Rxf4 Qd7 19.Rxf8+ Bxf8 20.Nd5 Bg7 21.Rf1 Nc6 22.Nf6+ Bxf6
23.Rxf6 Ne5 24.Bh6 Nf7 25.Bc1 Ne5 26.Qd2 Rf8 27.Rxf8+ Kxf8 28.Bb2 Qe7 29.Qf4+ Bf7
30.h3 Kg8 31.Kh2 g5 32.Qg3 Bg6 33.Bf3 Qf6 34.Kh1 h5 35.Bc1 g4 36.hxg4 hxg4
37.Be2 Bxe4 38.Bf4 Bf5 39.Kg1 Qg7 40.Qh4 Nf7 41.Qe7 g3 42.Qe8+ Kh7 43.Qe3 Qa1+
44.Bf1 Ne5 45.Qxg3 Bd3 46.Qh4+ Kg8 47.Qd8+ Kh7 48.Qxc7+ Kg8 49.Qd8+ Kh7 50.Qe7+ Kg8
51.Qe6+ Kh7 52.Qh3+ Kg8 53.g3 Nf3+ 54.Kf2 Qe1+ 55.Kxf3 Qxf1+ 56.Qxf1 Bxf1
57.Bxd6 Bd3 58.Ke3 Bc2 59.b4 Bb3 60.Kd4 Kf7 61.b5 Ke6 62.Bb8 Kd7 63.Bxa7 Kc7
64.c5 Ba4 65.Bxb6+ Kb7 66.Kc4  1-0

[Event "Oz.com qualifier blitz"]
[Site "Internet ICC"]
[Date "2000.03.05"]
[Round "4"]
[White "Volkov,S"]
[Black "Goldenberg,D"]
[Result "1-0"]
[WhiteElo "2582"]
[BlackElo "2244"]

1.d4 Nf6 2.c4 g6 3.Nc3 Bg7 4.e4 d6 5.Be2 O-O 6.Nf3 e5 7.Be3 Ng4 8.Bg5 f6
9.Bh4 Nc6 10.d5 Ne7 11.Nd2 Nh6 12.f3 Nf7 13.b4 f5 14.O-O g5 15.Bf2 f4 16.c5 Ng6
17.Nc4 h5 18.a4 Re8 19.a5 Bf8 20.Rc1 Nh6 21.cxd6 cxd6 22.Nb5 a6 23.Bb6 Qe7
24.Nc7 Bd7 25.Nxa8 Rxa8 26.Bc7 g4 27.Nb6 g3 28.h3 Bxh3 29.gxh3 Qh4 30.Kg2 Qg5
31.Rh1 Nh4+ 32.Kg1 g2 33.Rh2 Re8 34.Qe1 Be7 35.Qf2 Kh7 36.b5 axb5 37.Bxb5 Rg8
38.Be2 Qf6 39.Rb1 Rg3 40.Nc4 Qg7 41.Rxb7 Bd8 42.a6 Bxc7 43.a7 Qf8 44.Rxc7+ Kg6
45.Nb6 Qd8 46.Rc6 Ng4 47.hxg4 hxg4 48.a8=Q Qxa8 49.Nxa8 Nxf3+ 50.Bxf3 gxf3
51.Rxd6+ Kg5 52.Nc7 Kg4 53.Rg6+  1-0

[Event "Oz.com qualifier blitz"]
[Site "Internet ICC"]
[Date "2000.03.05"]
[Round "5"]
[White "Van Wely,L"]
[Black "Zapata,A"]
[Result "1-0"]
[WhiteElo "2646"]
[BlackElo "2457"]

1.d4 Nf6 2.c4 g6 3.Nc3 Bg7 4.e4 d6 5.Nf3 O-O 6.Be2 e5 7.O-O Nbd7 8.Qc2 c6
9.d5 a5 10.b3 Nc5 11.Ba3 cxd5 12.cxd5 b6 13.Nd2 Bd7 14.Bb5 Bxb5 15.Nxb5 Qd7
16.Bxc5 Rfc8 17.a4 Rxc5 18.Nc4 Rb8 19.Qd3 Bf8 20.Rac1 Nh5 21.g3 f5 22.f3 Nf6
23.Kg2 Be7 24.Ne3 f4 25.Rxc5 bxc5 26.Nc4 fxg3 27.hxg3 Nh5 28.Qd2 Qd8 29.Qxa5 Qf8
30.Qc7 Rd8 31.Na7 Nxg3 32.Kxg3 Qf4+ 33.Kf2 Bh4+ 34.Ke2 Rf8 35.Qxd6 Qh2+ 36.Kd3 Qa2
37.Qe6+ Rf7 38.Nb5 Qxb3+ 39.Nc3 Kg7 40.Qxf7+ Kxf7 41.Rb1 Qxb1+ 42.Nxb1  1-0

[Event "Oz.com qualifier blitz"]
[Site "Internet ICC"]
[Date "2000.03.05"]
[Round "6"]
[White "Grivas,E"]
[Black "Zimin,V"]
[Result "0-1"]
[WhiteElo "2503"]
[BlackElo "2338"]

1.d4 Nf6 2.c4 g6 3.Nc3 Bg7 4.e4 d6 5.Nf3 O-O 6.Be2 e5 7.d5 a5 8.h3 Na6 9.Bg5 Qe8
10.g4 Nd7 11.Rg1 Kh8 12.Qd2 Ndc5 13.O-O-O a4 14.Kb1 Bd7 15.h4 f6 16.Be3 Qe7
17.Rg3 Rab8 18.Rh1 c6 19.h5 Kg8 20.hxg6 hxg6 21.Nh4 Kf7 22.g5 Rh8 23.gxf6 Bxf6
24.Bg5 Bxg5 25.Rxg5 Rbg8 26.Rh2 Qf6 27.Bg4 Qf4 28.Qxf4+ exf4 29.Bxd7 Nxd7
30.Nf3 Rxh2 31.Nxh2 Ne5 32.b3 axb3 33.axb3 Nc5 34.Kc2 Rh8 35.Nf1 Rh1 36.Nd2 Kf6
37.Rg2 Ncd3  0-1

[Event "Oz.com qualifier blitz"]
[Site "Internet ICC"]
[Date "2000.03.05"]
[Round "7"]
[White "Annakov,B"]
[Black "Busquets,L"]
[Result "1-0"]
[WhiteElo "2600"]
[BlackElo "2252"]

1.d4 Nf6 2.c4 g6 3.Nc3 Bg7 4.e4 d6 5.Nf3 O-O 6.Be2 e5 7.d5 a5 8.Nd2 Na6 9.h4 Nc5
10.h5 gxh5 11.Bxh5 Nd3+ 12.Kf1 Nf4 13.Bf3 Ne8 14.Qc2 f5 15.g3 Ng6 16.exf5 Bxf5
17.Nde4 Nf6 18.Bg5 Qd7 19.Kg2 Rf7 20.Rh2 Raf8 21.Rah1 Nxe4 22.Bxe4 Bxe4+
23.Nxe4 Qf5 24.Qe2 Bh8 25.Kg1 b6 26.Rh5 Qd7 27.Be3 Nf4 28.Rg5+ Rg7 29.gxf4 exf4
30.Bc1 f3 31.Qe3 Rf5 32.Rxg7+  1-0

[Event "Oz.com qualifier blitz"]
[Site "Internet ICC"]
[Date "2000.03.05"]
[Round "8"]
[White "Halkias,S"]
[Black "Movsesian,S"]
[Result "1-0"]
[WhiteElo "2482"]
[BlackElo "2668"]

1.d4 Nf6 2.c4 g6 3.Nc3 Bg7 4.e4 d6 5.Nf3 O-O 6.Be2 Na6 7.O-O e5 8.Be3 Ng4
9.Bg5 Qe8 10.dxe5 h6 11.Bh4 dxe5 12.Nd2 h5 13.h3 Nh6 14.c5 Nxc5 15.Nd5 Ne6
16.Nf6+ Bxf6 17.Bxf6 Nd4 18.Nc4 Nc6 19.Qd2 Kh7 20.f4 exf4 21.Qxf4 Be6 22.Rad1 Rc8
23.Qg5 Ng8 24.Ne3 Nxf6 25.Rxf6 Kg7 26.Rdf1 Rh8 27.Nf5+ Bxf5 28.exf5 Qe5 29.Re6 Qd4+
30.Kh1 Rh6 31.Re7 Qf6 32.Qxf6+ Kxf6 33.Rd7 g5 34.Rd5 Rhh8 35.Rc5 h4 36.Rfc1 Rhd8
37.Bf3 Rd6 38.b4 Rcd8 39.Bxc6 bxc6 40.Rxc6 Kxf5 41.Rxc7 R8d7 42.R1c5+ Kg6
43.Kg1 Rxc7 44.Rxc7 a6 45.Ra7 f5 46.a4 Rb6 47.Kf2 g4 48.hxg4 fxg4 49.a5 Rf6+
50.Kg1 Kf5 51.Rb7 Rd6 52.Rb6 Rd1+ 53.Kf2 Rd2+ 54.Kf1 Kf4 55.Rxa6 Kg3 56.b5 Rf2+
57.Ke1 Kxg2 58.Rg6 g3 59.b6 Rb2 60.a6 h3 61.a7 Ra2 62.b7 h2 63.Rh6 Ra6 64.a8=Q Rxh6
65.b8=Q+ Kh3 66.Qf3 Re6+ 67.Kd2  1-0

[Event "Oz.com qualifier blitz"]
[Site "Internet ICC"]
[Date "2000.03.05"]
[Round "9"]
[White "Altounian,L"]
[Black "Roehrich,S"]
[Result "0-1"]
[WhiteElo "2438"]
[BlackElo "2196"]

1.Nf3 Nf6 2.c4 g6 3.Nc3 Bg7 4.e4 d6 5.d4 O-O 6.Be2 e5 7.d5 a5 8.Bg5 h6 9.Bh4 Na6
10.Nd2 Qe8 11.a3 Bd7 12.b3 Nh7 13.O-O f5 14.exf5 gxf5 15.Bh5 Qc8 16.Be7 Re8
17.Bh4 Rf8 18.Qc2 Bf6 19.Bxf6 Nxf6 20.Be2 Kg7 21.f4 e4 22.Qb2 c6 23.dxc6 bxc6
24.Rfd1 Nc5 25.Nf1 Qb8 26.b4 Ne6 27.g3 axb4 28.axb4 Rxa1 29.Rxa1 Nd4 30.Ne3 Qb6
31.Na4 Nxe2+ 32.Kf2 Nxf4 33.gxf4 Qb8 34.c5 d5 35.Qe5 Qxb4 36.Rg1+ Kf7 37.Nb6 Qd2+
38.Kf1 Re8 39.Qd6 Qxe3 40.Nxd7 Qd3+ 41.Ke1 Qb1+ 42.Ke2 Qxg1 43.Qxf6+ Kg8
44.Qxh6 Qg2+ 45.Ke1 e3 46.Nf6+ Kf7 47.Nxe8 Qf2+  0-1

[Event "Oz.com qualifier blitz"]
[Site "Internet ICC"]
[Date "2000.03.05"]
[Round "9"]
[White "Acevedo,A"]
[Black "Skovgaard,P"]
[Result "0-1"]
[WhiteElo "2235"]
[BlackElo "2130"]

1.d4 Nf6 2.c4 g6 3.Nc3 Bg7 4.e4 O-O 5.Be2 d6 6.Nf3 e5 7.dxe5 dxe5 8.Qxd8 Rxd8
9.Bg5 Rf8 10.O-O c6 11.Nxe5 Nxe4 12.Nxe4 Bxe5 13.Bf6 Bxf6 14.Nxf6+ Kg7 15.Ne4 Be6
16.c5 Na6 17.Rfc1 Rad8 18.Bxa6 bxa6 19.Nd6 Rb8 20.b3 Rb4 21.Re1 a5 22.Re4 Rfb8
23.Rae1 a4 24.bxa4 Rxe4 25.Nxe4 Bxa2 26.f3 Rb4 27.Ra1 Be6 28.a5 Rc4 29.a6 f5
30.Ng5 Bc8 31.Ra5 h6 32.Nh3 Rb4 33.Nf2 Rb5 34.Nd3 Rxa5  0-1

[Event "Israeli League"]
[Site "Ramat Aviv ISR"]
[Date "2000.03.10"]
[Round "5"]
[White "Huzman,A"]
[Black "Sutovsky,E"]
[Result "1/2-1/2"]
[WhiteElo "2574"]
[BlackElo "2597"]

1.c4 Nf6 2.Nc3 g6 3.e4 d6 4.d4 Bg7 5.Be2 O-O 6.Nf3 e5 7.Be3 Na6 8.O-O Ng4
9.Bg5 Qe8 10.dxe5 dxe5 11.Nd2 f6 12.Bxg4 fxg5 13.Nb3 c6 14.Qe2 Nc7 15.Bxc8 Qxc8
16.Rad1 Ne6  1/2-1/2

[Event "Israeli League"]
[Site "Ramat Aviv ISR"]
[Date "2000.03.10"]
[Round "5"]
[White "Mikhalevski,V"]
[Black "Oratovsky,M"]
[Result "1/2-1/2"]
[WhiteElo "2499"]
[BlackElo "2491"]

1.d4 d6 2.Nf3 g6 3.c4 Bg7 4.Nc3 Nd7 5.e4 e5 6.Be2 Ngf6 7.O-O O-O 8.Be3 Qe7
9.Qc2 c6 10.Rad1 exd4 11.Nxd4 a6 12.Kh1 Re8 13.Bg5 h6 14.Bh4 Nc5 15.f3 a5
16.Rfe1 Qf8 17.Bf1 Nh5 18.Bf2 Be5 19.g3 g5 20.Be3 Qg7 21.Qf2 Qf6 22.Be2 Kh7
23.Rf1 Bh3 24.f4 Bxf1 25.Rxf1 Nxf4 26.gxf4 gxf4 27.Nc2 fxe3 28.Qxf6 Bxf6
29.Rxf6 Nxe4 30.Nxe4 Rxe4 31.Rxd6 Ree8 32.Kg2 Rad8 33.Rxd8 Rxd8 34.Kf3 Kg7
35.Kxe3 Kf6 36.Nd4 Re8+ 37.Kf3 Ke5 38.Nb3 b6 39.Nc1 Kd4 40.Nb3+ Ke5 41.a4 c5
42.Nc1 Kd4 43.Nb3+ Ke5 44.Nc1 Kd4 45.Nb3+  1/2-1/2

[Event "Israeli League"]
[Site "Ramat Aviv ISR"]
[Date "2000.03.17"]
[Round "6"]
[White "Golod,V"]
[Black "Zalkind,K"]
[Result "1-0"]
[WhiteElo "2566"]
[BlackElo "2250"]

1.d4 Nf6 2.c4 g6 3.Nc3 Bg7 4.e4 d6 5.Nf3 O-O 6.Be2 Nbd7 7.O-O e5 8.Be3 c6
9.Qc2 Qe7 10.Rad1 Re8 11.d5 c5 12.Ne1 Rf8 13.Bg5 h6 14.Bh4 a6 15.a3 Qe8 16.Rb1 Nh7
17.Qd1 h5 18.f3 Bf6 19.Bf2 Bd8 20.Nd3 Kg7 21.b4 b6 22.bxc5 bxc5 23.Qa4 Qe7
24.Rb2 Ng5 25.Kh1 f5 26.Bh4 Qf7 27.Qc6 fxe4 28.Nxe4 Nxe4 29.Bxd8 Bb7 30.Rxb7 Raxd8
31.Rc1 Ng5 32.Qxd6 e4 33.Nxc5 exf3 34.Bxf3 Nxf3 35.Ne6+ Kh8 36.Nxf8 Rxf8
37.Rxd7 Qf5 38.Rf1 Rf6 39.Qc7  1-0

[Event "Israeli League"]
[Site "Ramat Aviv ISR"]
[Date "2000.03.17"]
[Round "6"]
[White "Boim,I"]
[Black "Har Zvi,R"]
[Result "1/2-1/2"]
[WhiteElo "2424"]
[BlackElo "2507"]

1.Nf3 d6 2.d4 Nf6 3.c4 g6 4.Nc3 Bg7 5.e4 O-O 6.Be2 e5 7.d5 Nbd7 8.h4 Nc5
9.Nd2 a5 10.h5 c6 11.g4 Bd7 12.f3 a4 13.hxg6 fxg6 14.Nf1 cxd5 15.cxd5 b5
16.Bg5 Qa5 17.Nd2 a3 18.Nb3 Nxb3 19.axb3 Qb4 20.Bd2 axb2 21.Rb1 Qd4 22.Qc2  1/2-1/2

[Event "55th ch-YUG"]
[Site "Subotica YUG"]
[Date "2000.03.17"]
[Round "2"]
[White "Mijailovic,Z"]
[Black "Markovic,Miros"]
[Result "1/2-1/2"]
[WhiteElo "2394"]
[BlackElo "2586"]

1.Nf3 Nf6 2.c4 g6 3.Nc3 Bg7 4.e4 d6 5.d4 O-O 6.Be2 e5 7.Be3 h6 8.O-O Ng4
9.Bc1 Nd7 10.d5 a5 11.Ne1 Ngf6 12.Nd3 b6 13.Be3 Nc5 14.Nxc5 bxc5 15.Qd2 Kh7
16.a4 Qe7 17.Kh1 Rb8 18.Rg1 Rb4 19.Qc2 h5 20.f3 h4 21.Bg5 Ng4 22.fxg4 Qxg5
23.Nb5 Bxg4 24.Nxc7 Bc8 25.Nb5 Qe7 26.Bf3 Bh6 27.b3 Kg7 28.Rad1 Bf4 29.Rd3 Rh8
30.Qe2 Qg5 31.Rgd1 Rd8 32.Kg1 f5 33.Rf1 Qe7 34.Rfd1 Kf6 35.Qe1 Qh7 36.Qe2 g5
37.h3 fxe4 38.Bxe4 Bf5 39.Bxf5 Qxf5 40.Nc3 Rdb8 41.Ne4+ Ke7 42.Qf3 Rg8 43.Nf2 Rf8
44.Ne4 Rg8 45.Nf2 Kd7 46.Rf1 Kc7 47.Qe4 Rf8 48.Qxf5 Rxf5 49.Rf3 Rf8 50.Rd1 Rfb8
51.Rdd3 e4 52.Nxe4 Re8 53.Nf6 Re1+ 54.Kf2 Rb1 55.Nh5 Be5 56.Rf7+ Kb8 57.Rf8+ Ka7
58.Rf7+ Ka6 59.Ng7 R4xb3 60.Rxb3 Rxb3 61.Ne6 Rb4 62.Nc7+ Kb7 63.Nb5+ Kb8
64.Rf8+ Kb7 65.Rf7+  1/2-1/2

[Event "Dos Hermanas Qualifier"]
[Site "Internet ICC"]
[Date "2000.03.18"]
[Round "1.2"]
[White "Popov,Val"]
[Black "Zimin,V"]
[Result "1/2-1/2"]
[WhiteElo "2534"]
[BlackElo "2338"]

1.Nf3 Nf6 2.c4 g6 3.Nc3 Bg7 4.e4 d6 5.d4 O-O 6.Be2 e5 7.dxe5 dxe5 8.Qxd8 Rxd8
9.Bg5 Rf8 10.Nd5 Nxd5 11.cxd5 c6 12.Bc4 b5 13.Bb3 Bb7 14.Rd1 Re8 15.O-O c5
16.a4 a6 17.Ra1 Nd7 18.axb5 axb5 19.Be3 Bf8 20.Bc2 c4 21.Nd2 Bc5 22.Bxc5 Nxc5
23.f3 f6 24.Kf2 Kf7 25.Ke3 Ke7 26.h4 Kd6 27.Rh1 Na6 28.Rhb1 Nb4 29.Bd1 f5
30.g3 Kc5 31.Ra3 Bxd5 32.exd5 Nxd5+ 33.Kf2 Rxa3 34.bxa3 Ra8 35.Ra1 Kd4 36.Be2 Nc3
37.Ke1 Nxe2 38.Kxe2 e4 39.fxe4 fxe4 40.Rd1 Rxa3 41.Nb3+ Ke5 42.Nd4 Rd3 43.Nxb5 Rxg3
44.Rc1 Rh3 45.Rxc4 Rxh4 46.Nc3 h5 47.Ke3 Rh3+ 48.Ke2 Rh4 49.Ke3 Rh3+ 50.Ke2  1/2-1/2

[Event "Dos Hermanas Qualifier"]
[Site "Internet ICC"]
[Date "2000.03.18"]
[Round "2.2"]
[White "Golod,V"]
[Black "Anagnostopoulos,D"]
[Result "1-0"]
[WhiteElo "2566"]
[BlackElo "2459"]

1.d4 Nf6 2.c4 g6 3.Nc3 Bg7 4.e4 d6 5.Nf3 O-O 6.Be2 e5 7.dxe5 dxe5 8.Qxd8 Rxd8
9.Bg5 Re8 10.Nd5 Nxd5 11.cxd5 c6 12.Bc4 b5 13.Bb3 c5 14.a4 c4 15.Bd1 b4 16.Be2 Ba6
17.Rc1 f5 18.Bxc4 fxe4 19.Nd2 Bxc4 20.Rxc4 h6 21.Be3 Rd8 22.Nxe4 Rxd5 23.Rc8+ Kf7
24.Ke2 Ke7 25.Rhc1 Rd8 26.R1c7+ Nd7 27.Rxa8 Rxa8 28.Nc5 Rd8 29.Rxa7  1-0

[Event "NED-chT"]
[Site "Leeuwarden NED"]
[Date "2000.03.19"]
[Round "6"]
[White "Konings,L"]
[Black "Rogers,I"]
[Result "1-0"]
[WhiteElo "2255"]
[BlackElo "2562"]

1.d4 Nf6 2.c4 g6 3.Nc3 Bg7 4.e4 O-O 5.Be2 d6 6.Nf3 e5 7.Be3 Ng4 8.Bg5 f6
9.Bh4 Nc6 10.d5 Ne7 11.Nd2 f5 12.Bxg4 fxg4 13.Bg5 c5 14.Nf1 h6 15.Bd2 Kh7
16.Qe2 Ng8 17.O-O-O a6 18.Ne3 Nf6 19.h3 gxh3 20.Rdg1 b5 21.f3 Nh5 22.g3 Qf6
23.g4 Nf4 24.Qf1 Rb8 25.Ncd1 Qh4 26.Rh2 Qe7 27.Nf2 bxc4 28.Nxc4 Bd7 29.Nxh3 Bb5
30.Rgh1 a5 31.Nf2 a4 32.Nd1 Rf7 33.Nde3 Kg8 34.Kb1 Qf8 35.Bc3 Qe7 36.Qd1 Rbf8
37.Be1 Qc7 38.Qc2 Qa7 39.Ka1 Qa6 40.Bd2 Rb8 41.Bc1 Rfb7 42.Rd1 Be8 43.Na3 Rf7
44.Nec4 Bf8 45.Bd2 Rb4 46.Rc1 Kh7 47.Rch1 Kg8 48.Rxh6 Bxh6 49.Rxh6 Rg7 50.Bxf4 exf4
51.Qh2 Kf8 52.Qxf4+ Rf7 53.Qg5 Rxf3 54.Rh8+ Kf7 55.Rh7+ Kg8 56.Qh6 Rf1+ 57.Nb1 Rxb1+
58.Kxb1 Rxb2+ 59.Kxb2 Qb7+ 60.Rxb7  1-0

[Event "55th ch-YUG"]
[Site "Subotica YUG"]
[Date "2000.03.20"]
[Round "4"]
[White "Tosic,M"]
[Black "Markovic,Miros"]
[Result "0-1"]
[WhiteElo "2503"]
[BlackElo "2586"]

1.d4 Nf6 2.c4 g6 3.Nc3 Bg7 4.e4 d6 5.Nf3 O-O 6.Be2 e5 7.O-O exd4 8.Nxd4 Re8
9.f3 c6 10.Kh1 Nh5 11.g4 Nf6 12.Rg1 Na6 13.Bf4 h5 14.Nf5 gxf5 15.gxf5 Kh7
16.Qf1 Bh6 17.Bxh6 Kxh6 18.Qc1+ Kh7 19.Qg5 Rg8 20.Qh4 Kh8 21.Rxg8+ Kxg8 22.Qg5+ Kf8
23.e5 dxe5 24.Ne4 Bxf5 25.Qh6+ Ke8 26.Rd1 Nxe4 27.Qh8+ Ke7 28.Rxd8 Rxd8 29.Qxe5+ Be6
30.fxe4 b6 31.Bxh5 Nc5 32.Be2 f6 33.Qh5 Bf7 34.Qh7 Ne6 35.Bh5 Ng5 36.Qh6 Rg8
37.Bxf7 Kxf7 38.h4 Ne6 39.e5 fxe5 40.Qh7+ Rg7 41.Qf5+ Ke7 42.Qxe5 Rg4 43.h5 Rxc4
44.Qh8 Rh4+ 45.Kg1 Rg4+ 46.Kf1 Rf4+ 47.Ke1 Rf7 48.h6 Nf8 49.Qe5+ Kd7 50.Kd1 Nh7
51.a3 Re7 52.Qf5+ Kc7 53.b4 Kd6 54.Kd2 Kc7 55.a4 Rd7+ 56.Kc3 Kd8 57.Qe5 Kc8
58.a5 Kb7 59.Qe8 Kc7 60.a6 Kd6 61.Qg8 Kc7 62.Qe6 Kd8 63.Kc4 Kc7 64.b5 c5
65.Kc3 Kd8 66.Qg8+ Kc7 67.Qe8 Kd6 68.Kd3 Nf6 69.Qg6 Ke6+ 70.Ke3 c4 71.Qc2 Rd3+
72.Ke2 Rd4 73.Qc1 Kf5 74.Qb1+ Re4+ 75.Kf3 Kg6 76.Qg1+ Kxh6 77.Qh2+ Kg6 78.Qc7 Re3+
79.Kg2 c3 80.Qxa7 Re2+ 81.Kf3 c2 82.Qc7 Re3+ 83.Kf2 Rc3  0-1

[Event "16th Spring Festival"]
[Site "Budapest HUN"]
[Date "2000.03.23"]
[Round "7"]
[White "Dinckel,J"]
[Black "Kosztolanczi,G"]
[Result "1-0"]
[WhiteElo "2128"]
[BlackElo "2196"]

1.d4 Nf6 2.c4 g6 3.Nc3 Bg7 4.e4 d6 5.Be2 O-O 6.Nf3 e5 7.d5 a5 8.Bg5 Na6 9.O-O Nc5
10.Nd2 h6 11.Bh4 Bd7 12.b3 Qe8 13.a3 Nh7 14.f3 f5 15.b4 axb4 16.axb4 Na4
17.Qb3 Nxc3 18.Qxc3 Rxa1 19.Rxa1 g5 20.Bf2 f4 21.c5 Qg6 22.cxd6 cxd6 23.Qc7 Rf7
24.Qxb7 g4 25.Qa8+ Rf8 26.Qa7 gxf3 27.Bxf3 Nf6 28.Bh4 Rf7 29.Qb8+ Kh7 30.Bxf6 Bxf6
31.b5 Bg4 32.Ra7 Be7 33.Qe8 Bxf3 34.Nxf3 Qf6 35.b6 Kg7 36.b7 Qg6 37.b8=Q Qxe4
38.Qh8+  1-0

[Event "It"]
[Site "Tel Aviv ISR"]
[Date "2000.03.25"]
[Round "5"]
[White "Botvinnik,Il"]
[Black "Gofshtein,L"]
[Result "1/2-1/2"]
[WhiteElo "2405"]
[BlackElo "2580"]

1.Nf3 Nf6 2.c4 g6 3.Nc3 Bg7 4.e4 d6 5.d4 O-O 6.Be2 e5 7.d5 a5 8.Nd2 Na6 9.h4 h5
10.Nf3 c6 11.Ng5 Bd7 12.Be3 Ng4  1/2-1/2

[Event "21st Open A"]
[Site "Bled SLO"]
[Date "2000.03.26"]
[Round "2"]
[White "Jovanic,O"]
[Black "Jankovic,A"]
[Result "0-1"]
[WhiteElo "2332"]
[BlackElo "2320"]

1.d4 Nf6 2.c4 g6 3.Nc3 Bg7 4.e4 d6 5.Nf3 O-O 6.Be2 e5 7.d5 a5 8.Bg5 Na6 9.Nd2 h6
10.Bh4 Bd7 11.O-O Qe8 12.Nb5 Nh5 13.Bxh5 gxh5 14.Qxh5 Bxb5 15.cxb5 Qxb5 16.Rfe1 Qe8
17.g4 Nb4 18.Rec1 c6 19.Nc4 cxd5 20.Nxd6 Qd7 21.Nf5 Nd3 22.g5 Ra6 23.gxh6 Rg6+
24.Kh1 Bf6 25.h7+ Kh8 26.Rg1 Bxh4 27.Qxh4 dxe4 28.Ne3 Qh3 29.Rxg6 Qxh4 30.Rg3 Nxf2+
31.Kg2 f5 32.Rf1 Nd3 33.Rxf5 Nf4+ 34.Kh1 Rxf5 35.Nxf5 Qh5 36.Ne3 Qe2 37.Kg1 Qe1+
38.Nf1 Ne2+  0-1

[Event "21st Open A"]
[Site "Bled SLO"]
[Date "2000.03.26"]
[Round "2"]
[White "Loeffler,S"]
[Black "Kozul,Z"]
[Result "0-1"]
[WhiteElo "2426"]
[BlackElo "2597"]

1.Nf3 g6 2.c4 Bg7 3.e4 d6 4.d4 Nf6 5.Nc3 O-O 6.Be2 Na6 7.O-O e5 8.Bg5 Qe8
9.Bxf6 Bxf6 10.c5 Bg7 11.Bxa6 bxa6 12.Nd5 Qd8 13.dxe5 dxe5 14.Qa4 Rb8 15.Rfd1 Rxb2
16.Qa3 Rb8 17.c6 Re8 18.Qa5 Rb5 19.Qe1 Rc5 20.Rab1 Be6 21.Nf4 Qc8 22.Nxe6 Qxe6
23.Rd7 Qxc6 24.Rbd1 Bf6 25.h4 Rc4 26.R7d5 h5 27.Qe3 Ra4 28.Rc1 Qb6 29.Qe2 Kg7
30.Rd7 c5 31.Qc2 Qc6 32.Rcd1 Qxe4 33.Qxc5 Qc4 34.Qxc4 Rxc4 35.Rxa7 e4 36.Rdd7 Re7
37.Rxe7 Bxe7 38.Nd2 Rc1+ 39.Kh2 Bf6 40.g3 e3  0-1

[Event "21st Open A"]
[Site "Bled SLO"]
[Date "2000.03.27"]
[Round "3"]
[White "Loncar,R"]
[Black "Rudolf,Hen"]
[Result "1-0"]
[WhiteElo "2406"]
[BlackElo "2308"]

1.Nf3 g6 2.d4 Bg7 3.c4 Nf6 4.Nc3 O-O 5.e4 d6 6.Be2 e5 7.d5 a5 8.Bg5 h6 9.Bh4 Na6
10.Nd2 Qe8 11.a3 Bd7 12.O-O Nh7 13.Nb5 h5 14.f3 Bh6 15.Rb1 Be3+ 16.Kh1 a4
17.Be1 Bxb5 18.cxb5 Nc5 19.Nc4 Bd4 20.b6 Qe7 21.Bc3 Bxc3 22.bxc3 Kg7 23.Rb4 Nf6
24.Qe1 h4 25.bxc7 Qxc7 26.Nb6 Rab8 27.Qxh4 Rh8 28.Qf2 Rh6 29.h3 Rbh8 30.Rd1 Nh5
31.Bf1 Nf4 32.Kh2 Rh5 33.Nc4 Qd7 34.Qg3 Qe7 35.Ne3 Rg5 36.Qf2 f5 37.exf5 gxf5
38.g3 Nh5 39.f4 exf4 40.gxf4 Ne4 41.Rxe4 fxe4 42.fxg5 Qe5+ 43.Kg1 Rf8 44.Ng4  1-0

[Event "21st Open A"]
[Site "Bled SLO"]
[Date "2000.03.27"]
[Round "3"]
[White "Atalik,S"]
[Black "Jurkovic,A"]
[Result "1-0"]
[WhiteElo "2575"]
[BlackElo "2326"]

1.d4 Nf6 2.c4 g6 3.Nc3 Bg7 4.e4 O-O 5.Nf3 d6 6.Be2 e5 7.Be3 Qe8 8.dxe5 Ng4
9.Bg5 Nxe5 10.Nd5 Nxf3+ 11.gxf3 Qe5 12.Bd2 Na6 13.Bc3 Qg5 14.h4 Bxc3+ 15.bxc3 Qd8
16.Qd4 f6 17.h5 g5 18.f4 c6 19.Nb4 Nc7 20.Nd3 Ne6 21.Qe3 Qa5 22.Kd2 gxf4
23.Rhg1+ Kh8 24.Nxf4 Nxf4 25.Qxf4 Be6 26.Rg6 Qe5 27.Qh6 Rf7  1-0

[Event "55th ch-YUG"]
[Site "Subotica YUG"]
[Date "2000.03.27"]
[Round "10"]
[White "Damljanovic,B"]
[Black "Ilincic,Z"]
[Result "0-1"]
[WhiteElo "2534"]
[BlackElo "2554"]

1.Nf3 Nf6 2.c4 g6 3.Nc3 Bg7 4.e4 d6 5.d4 O-O 6.Be2 e5 7.Be3 Na6 8.O-O Ng4
9.Bg5 Qe8 10.h3 h6 11.Bc1 exd4 12.Nxd4 Nf6 13.Bd3 Nc5 14.Re1 Nxd3 15.Qxd3 Nd7
16.Be3 a6 17.Nf3 b6 18.Nd5 Ra7 19.Qd2 Kh7 20.Rad1 Rb7 21.Bf4 f6 22.b3 Nc5
23.Qc2 Qf7 24.Nd4 Re8 25.Re3 Bd7 26.Bg3 Kg8 27.Rde1 b5 28.b4 Ne6 29.Nb3 c6
30.Na5 Rbb8 31.Nc3 Bf8 32.Rd1 bxc4 33.Bxd6 Bxd6 34.Rxd6 Rxb4 35.Qd2 Nc5 36.Rf3 Re6
37.Rxe6 Nxe6 38.Qxh6 Ng5 39.Rg3 Qh7 40.Qxh7+ Kxh7 41.h4 Ne6 42.a3 Rb2 43.Nxc4 Rc2
44.Re3 Nd4 45.e5 Rxc3 46.Rxc3 Ne2+ 47.Kf1 Nxc3 48.exf6 Bf5 49.Ne5 Bb1 50.g4 Ne4
51.Nd7 Kg8 52.f3 Nd6 53.Ne5 Nc4 54.Nxc6 Nxa3 55.Ke2 Nc4 56.f4 Kf7 57.f5 Kxf6
58.fxg6 Bxg6 59.g5+ Ke6 60.h5 Bxh5+ 61.Kd3 Nb6 62.Kd4 Nd7 63.Nb4 a5 64.Nc6 a4
65.Kc4 Be8 66.Nd4+ Ke5 67.Ne2 Nb6+ 68.Kb4 Nd5+ 69.Kc4 Ne3+ 70.Kd3 a3 71.Nc3 Kf4
72.Kd2 Bf7 73.Kc1 Kxg5 74.Nb5 a2 75.Kb2 Nc2  0-1

[Event "55th ch-YUG"]
[Site "Subotica YUG"]
[Date "2000.03.27"]
[Round "10"]
[White "Mijailovic,Z"]
[Black "Ivanisevic,I"]
[Result "1/2-1/2"]
[WhiteElo "2394"]
[BlackElo "2460"]

1.Nf3 Nf6 2.c4 g6 3.Nc3 Bg7 4.e4 d6 5.d4 O-O 6.Be2 e5 7.Be3 c6 8.O-O exd4
9.Bxd4 Qe7 10.Qc2 Na6 11.Rad1 Re8 12.Nd2 Nc5 13.Rfe1 b6 14.h3 Bb7 15.Bf3 Ne6
16.Be3 Rad8 17.Nb3 h6 18.Qd2 Qf8 19.Nd4 Nc5 20.Bf4 d5 21.exd5 Rxe1+ 22.Qxe1 cxd5
23.Qf1 Rd7 24.cxd5 Nxd5 25.Nxd5 Bxd5 26.Bxd5 Rxd5 27.Nc6 Rxd1 28.Qxd1 Qe8
29.Nxa7 Qa8 30.Nb5 Qxa2 31.Qd8+ Kh7 32.Qxb6 Ne6 33.Be3 Qxb2 34.Nd6 Qa1+ 35.Kh2 f5
36.f4 Qf1 37.Ne8 Nxf4 38.Qb7 Nh5 39.Nxg7 Nxg7 40.Qc7 Qa1 41.Bf4 Qa8 42.Be5 Qf8
43.Qd7 Kg8 44.Qd5+ Qf7 45.Qxf7+ Kxf7 46.g4 g5 47.gxf5 Nxf5 48.Kg2 Ke6 49.Bb2 Nd6
50.Kf3 Kf5 51.Bg7 Nf7 52.Kg3 h5 53.Kf3 Nd8 54.Bc3 Ne6 55.Bb2 Nf4 56.Kg3 Nd3
57.Ba3 Ne5 58.Be7 Ng6 59.Bd8 h4+ 60.Kh2 Nf4 61.Be7 Ne6 62.Kg2 Ke4 63.Bf6 Kf4
64.Be7 Kf5 65.Kh2 Nd4 66.Kg2 Nc6 67.Bc5 Ke4 68.Bd6 Nd4 69.Be7 Ne6 70.Bf6 Ke3
71.Be7 Ke2 72.Bf6  1/2-1/2